| 000 | 00617nam a2200229Ia 4500 | ||
|---|---|---|---|
| 003 | OSt | ||
| 005 | 20220926011831.0 | ||
| 006 | a|||||r|||| 00| 0 | ||
| 007 | ta | ||
| 008 | 220923b |||||||| |||| 00| 0 eng d | ||
| 037 | _cGeneral Book | ||
| 040 |
_aRTL _cRTL _beng |
||
| 041 |
_2eng _aeng |
||
| 082 | _aX:87, L4 | ||
| 100 | _aMcConkey Dale D. | ||
| 245 | 0 | _aNo - nonsense delegation | |
| 260 |
_aNew York _bAMACOM USA _c1974 |
||
| 300 |
_avii, 228p. Appendix p 215-20 _ccm. |
||
| 650 |
_aExecutive _9233834 |
||
| 942 |
_hX:87, L4 _cGB _2CC |
||
| 999 |
_c621095 _d621095 |
||